Main Aspects of the Development of the Nuclear Industry in the Republic of Kazakhstan

Súčasné geopolitické a ekonomické napätie núti svetové ekonomiky prehodnocovať svoj energetický komplex. Pre ekonomickú stabilitu a energetickú bezpečnosť mnohé krajiny využívajú urán ako zdroj energie. Kazašská republika je svetovým lídrom v tejto oblasti: v roku 2022 vyprodukovala 43 % svetového u...

Descrizione completa

Salvato in:
Dettagli Bibliografici
Autore principale: Baleha, Andrianna, 1990-
Natura: Capitolo di libro
Lingua:inglese
Soggetti:
Tags: Aggiungi Tag
Nessun Tag, puoi essere il primo ad aggiungerne!!

MARC

LEADER 00000naa a2200000 4500
001 0303668
005 20240911124220.5
041 0 |a eng 
044 |a SK 
245 1 0 |a Main Aspects of the Development of the Nuclear Industry in the Republic of Kazakhstan  |c Andrianna Baleha 
520 |a Súčasné geopolitické a ekonomické napätie núti svetové ekonomiky prehodnocovať svoj energetický komplex. Pre ekonomickú stabilitu a energetickú bezpečnosť mnohé krajiny využívajú urán ako zdroj energie. Kazašská republika je svetovým lídrom v tejto oblasti: v roku 2022 vyprodukovala 43 % svetového uránu a exportovala 59 % svetového uránu podľa hodnoty. Hlavnými dovozcami uránu z krajiny sú: Čína, Rusko, Kanada, Francúzsko a USA. Pre naplnenie stanoveného cieľa príspevku, a to charakterizácie postavenia Kazachstanu na trhu s uránom, sme realizovali porovnanie a analýzu štatistických údajov. 
610 2 0 |a bezpečnosť energetická 
610 2 0 |a urán 
610 2 0 |a Kazachstan 
100 1 |a Baleha, Andrianna, 1990-